El trabajo

Detalles Bibliográficos
Autor principal: Villa Gil, Luis Enrique de la
Formato: eBook
Lenguaje:español
Publicado: Madrid : Editorial Universitaria Ramn̤ Areces, 2011
Materias:
Acceso en línea:http://vlex.com/source/6935

MARC

LEADER 00000nam a22000007a 4500
005 20130115181929.0
007 cr|||| ||||
008 130115e2011 sp |||||s|||| 00||0 spa d
020 |a 978-84-9961-047-4 
035 |a 6935 
040 |a vLex 
090 |c 3524  |d 3524 
100 1 0 |a Villa Gil, Luis Enrique de la  
245 1 3 |a El trabajo  |h [Recurso electrn̤ico] 
256 |a Servicio en ln̕ea 
260 |a Madrid :  |b Editorial Universitaria Ramn̤ Areces,   |c 2011 
300 |a 1 Recurso electrn̤ico 
650 0 4 |a Derecho laboral 
740 |a vLex Libros (Servicio en ln̕ea) 
856 |a Acceso restringido  |u http://vlex.com/source/6935 
942 |c BOOK 
999 0 |a Labor laws and legislation